Statistics for Eagles 2022-2023 roster

Click here to take the quiz!

General Stats

  • This quiz has been taken 106 times
  • The average score is 30 of 50

Answer Stats

PositionAnswer% Correct
WRAJ Brown
100%
QBJalen Hurts
100%
WRDeVonta Smith
99%
CJason Kelce
95%
TEDallas Goedert
93%
CBDarius Slay
88%
RTLane Johnson
88%
RBMiles Sanders
88%
SC.J. Gardner-Johnson
87%
RBKenneth Gainwell
85%
DTFletcher Cox
81%
QBGardner Minshew
81%
KJake Elliott
79%
WRQuez Watkins
77%
RBBoston Scott
74%
LTJordan Mailata
73%
DE/LBHaason Reddick
70%
CBJames Bradberry
70%
DEBrandon Graham
69%
CBJosiah Scott
69%
HCNick Sirianni
69%
LGLandon Dickerson
65%
WR/KRBritain Covey
62%
DEJosh Sweat
60%
DTJordan Davis
58%
TEJack Stoll
57%
SReed Blankenship
57%
DTJavon Hargrave
55%
DCJonathan Gannon
55%
LBNakobe Dean
55%
CBAvonte Maddox
54%
CCam Jurgens
51%
LBKyzir White
50%
OCShane Steichen
49%
LBT.J. Edwards
48%
PArryn Siposs
45%
DE (IR)Derek Barnett
42%
TEGrant Calcaterra
42%
WRZach Pascal
42%
RGIsaac Seumalo
37%
LSRick Lovato
37%
SMarcus Epps
35%
RT/GJack Driscoll
33%
DTNdamukong Suh
32%
DTLinval Joseph
30%
CBJosh Jobe
29%
SK'Von Wallace
25%
LTAndre Dillard
23%
CBZech McPhearson
23%
DERobert Quinn
21%

Score Distribution

Percentile by Number Answered

Percent of People with Each Score

Your Score History

You have not taken this quiz